000 00429nam a2200157Ia 4500
008 230711s9999||||xx |||||||||||||| ||und||
041 _aENG
082 _a720
_bSI-S
100 _a(SIMA)The Southern India Mills Association
245 0 _aSIMA : a journey through 75 years
250 _a1st Ed.
260 _c2004
_aNew Delhi
_b(SIMA)The Southern India Mills Association
300 _a360
650 _aArchitecture
942 _cBK
999 _c5078
_d5078